مكتبة جامعة عجلون الوطنية

فهرس بحث المكتبة

الطبيعة في شعر ابن دراج القسطلي (نماذج من الطبيعة الصامتة) = The Nature in the poetry of Ibn Daraj al-Qastali (models of silent nature) / (Record no. 33888)

MARC details
000 -LEADER
fixed length control field 01124nam a22002057a 4500
003 - CONTROL NUMBER IDENTIFIER
control field JO-AjAnu
005 - DATE AND TIME OF LATEST TRANSACTION
control field 20250315095417.0
008 - FIXED-LENGTH DATA ELEMENTS--GENERAL INFORMATION
fixed length control field 250310b jo ||||| |||| 00| 0 ara d
040 ## - CATALOGING SOURCE
Original cataloging agency JO-AjAnu
Language of cataloging ara
Transcribing agency JO-AjAnu
Modifying agency JO-AjAnu
Description conventions rda
041 ## - LANGUAGE CODE
Language code of text/sound track or separate title ara
Language code of original ara
050 ## - LIBRARY OF CONGRESS CALL NUMBER
Classification number PJ8410
Item number 2025
100 #1 - MAIN ENTRY--PERSONAL NAME
Personal name الزواتين، محمد علي حسن
Relator term معد
9 (RLIN) 66494
245 #0 - TITLE STATEMENT
Title الطبيعة في شعر ابن دراج القسطلي (نماذج من الطبيعة الصامتة) = The Nature in the poetry of Ibn Daraj al-Qastali (models of silent nature) /
Statement of responsibility, etc. اعداد محمد علي حسن الزواتين ؛ اشراف علي قاسم الخرابشة
260 ## - PUBLICATION, DISTRIBUTION, ETC.
Date of publication, distribution, etc. 2025
300 ## - PHYSICAL DESCRIPTION
Extent 103 ورقة
504 ## - BIBLIOGRAPHY, ETC. NOTE
Bibliography, etc. note رسالة جامعية( رسالة ماجستير في اللغة العربية) - جامعة عجلون الوطنية، (عجلون، الاردن) - كلية الآداب، قسم اللغة العربية، 2025.
650 #0 - SUBJECT ADDED ENTRY--TOPICAL TERM
Topical term or geographic name entry element الشعر العربي - تاريخ ونقد - العصر الاندلسي.
9 (RLIN) 66495
700 #1 - ADDED ENTRY--PERSONAL NAME
Personal name الخرابشة، علي قاسم
Relator term مشرف
9 (RLIN) 66053
942 ## - ADDED ENTRY ELEMENTS (KOHA)
Source of classification or shelving scheme Library of Congress Classification
Koha item type Thesis
Suppress in OPAC No
Holdings
Withdrawn status Lost status Source of classification or shelving scheme Damaged status Not for loan Home library Current library Date acquired Total Checkouts Full call number Barcode Date last seen Price effective from Koha item type
    Library of Congress Classification     مكتبة جامعة عجلون الوطنية مكتبة جامعة عجلون الوطنية 10/03/2025   PJ8410 2025 a30150 10/03/2025 10/03/2025 Thesis
    Library of Congress Classification     مكتبة جامعة عجلون الوطنية مكتبة جامعة عجلون الوطنية 10/03/2025   PJ8410 2025 a30151 10/03/2025 10/03/2025 Thesis